000 00534nam a2200217Ia 4500
003 OSt
005 20220918210524.0
006 a|||||r|||| 00| 0
007 ta
008 220917b |||||||| |||| 00| 0 eng d
024 _a120,770
037 _cTextual
040 _aARTS
_cARTS
_beng
041 _2eng
_aeng
082 _aV73:8-19n:N39, J3
245 0 _aDocuments on American foreign relations
260 _c1953
650 _aHISTORY
942 _hV73:8-19n:N39, J3
_cTEXL
_2CC
999 _c244026
_d244026